<?xml version="1.0" encoding="UTF-8"?><?xml-stylesheet type="text/xsl" href="static/style.xsl"?><OAI-PMH xmlns="http://www.openarchives.org/OAI/2.0/" xmlns:xsi="http://www.w3.org/2001/XMLSchema-instance" xsi:schemaLocation="http://www.openarchives.org/OAI/2.0/ http://www.openarchives.org/OAI/2.0/OAI-PMH.xsd"><responseDate>2026-05-11T21:51:29Z</responseDate><request verb="GetRecord" identifier="oai:gredos.usal.es:10366/55893" metadataPrefix="marc">https://gredos.usal.es/oai/request</request><GetRecord><record><header><identifier>oai:gredos.usal.es:10366/55893</identifier><datestamp>2025-06-09T10:53:01Z</datestamp><setSpec>com_10366_4522</setSpec><setSpec>com_10366_4512</setSpec><setSpec>com_10366_3823</setSpec><setSpec>col_10366_4526</setSpec></header><metadata><record xmlns="http://www.loc.gov/MARC21/slim" xmlns:doc="http://www.lyncode.com/xoai" xmlns:xsi="http://www.w3.org/2001/XMLSchema-instance" xmlns:dcterms="http://purl.org/dc/terms/" xsi:schemaLocation="http://www.loc.gov/MARC21/slim http://www.loc.gov/standards/marcxml/schema/MARC21slim.xsd">
<leader>00925njm 22002777a 4500</leader>
<datafield tag="042" ind1=" " ind2=" ">
<subfield code="a">dc</subfield>
</datafield>
<datafield tag="720" ind1=" " ind2=" ">
<subfield code="a">Alonso Romero, Luis</subfield>
<subfield code="e">author</subfield>
</datafield>
<datafield tag="720" ind1=" " ind2=" ">
<subfield code="a">Calonge Cano, Teodoro</subfield>
<subfield code="e">author</subfield>
</datafield>
<datafield tag="260" ind1=" " ind2=" ">
<subfield code="c">2001</subfield>
</datafield>
<datafield tag="520" ind1=" " ind2=" ">
<subfield code="a">[ES]El artículo trata sobre el desarrollo e investigación de las redes neuronales artificiales (RNA) por el éxito obtenido en aplicaciones reales como el reconocimiento estadístico de patrones (REP).</subfield>
</datafield>
<datafield tag="024" ind2=" " ind1="8">
<subfield code="a">Alonso, L. y Calonge, T. (2001). Redes neuronales y reconocimiento de patrones. En L. Alonso, "Reconocimiento de patrones con redes neuronales" . Salamanca : Imprenta Cardenal</subfield>
</datafield>
<datafield tag="024" ind2=" " ind1="8">
<subfield code="a">http://hdl.handle.net/10366/55893</subfield>
</datafield>
<datafield tag="024" ind2=" " ind1="8">
<subfield code="a">10.1007/s00211-006-0677-y</subfield>
</datafield>
<datafield ind1=" " ind2=" " tag="653">
<subfield code="a">Redes neuronales (Informática)</subfield>
</datafield>
<datafield ind1=" " ind2=" " tag="653">
<subfield code="a">Reconocimiento de formas (Informática)</subfield>
</datafield>
<datafield ind1=" " ind2=" " tag="653">
<subfield code="a">Neural networks (Computer science)</subfield>
</datafield>
<datafield ind1=" " ind2=" " tag="653">
<subfield code="a">Pattern recognition systems</subfield>
</datafield>
<datafield tag="245" ind1="0" ind2="0">
<subfield code="a">Redes neuronales y reconocimiento de patrones</subfield>
</datafield>
</record></metadata></record></GetRecord></OAI-PMH>